Basic Marketing (Record no. 4042)

MARC details
000 -LEADER
fixed length control field 00379nam a22001577a 4500
008 - FIXED-LENGTH DATA ELEMENTS--GENERAL INFORMATION
fixed length control field 250702b |||||||| |||| 00| 0 eng d
020 ## - INTERNATIONAL STANDARD BOOK NUMBER
ISBN 9789780881955
100 ## - MAIN ENTRY--AUTHOR
Author Enikanselu Ayodel Sunday
245 ## - TITLE STATEMENT
Title Basic Marketing
250 ## - EDITION STATEMENT
Edition statement 3rd
260 ## - PUBLICATION, DISTRIBUTION, ETC. (IMPRINT)
Place of publication Lagos
Name of publisher Olas ventures
Date of publication 2008
300 ## - COLLATION
Pagination xiv, 734p.
Other physical details ill.
650 ## - TRACINGS
Main Subject Marketing
942 ## - ADDED ENTRY ELEMENTS (KOHA)
Item type Books
050 ## - LIBRARY OF CONGRESS CALL NUMBER
Classification number HF5415
Item number .E55
Holdings
Source of classification or shelving scheme Not for loan Permanent location Current location Date acquired Accession No. Full call number Barcode. Koha item type
Library of Congress Classification   Samuel Ogbemudia Main Library, University of Abuja Samuel Ogbemudia Main Library, University of Abuja 07/02/2025 2025/65023 HF5415.E55 2025-2761 Books